000 00401 a2200157 4500
001 151455
040 _cEscola São Tomás de Aquino
100 _aCASTRO, Hermínia
240 1 0 _aO caramujo que tinha dentro no mar inteiro
_lpor
245 1 0 _aO caramujo que tinha dentro no mar inteiro
300 _a39
362 0 _a20041
440 1 _aSalamandra
697 _a*LITERATURA INFANTO
942 _cBK
999 _c151455
_d151455